Effectif Manchester City 2023-2024 - Statistiques

Statistiques générales
  • Ce quiz a été pris 131 fois
  • Le résultat moyen est 19 sur 25
Statistiques - réponses
Nationalité Poste Ancien Club Numéro Réponse % Correct
Bresil Gardien Benfica Lisbonne 31 Ederson
98%
Norvège Attaquant Borussia Dortmund 9 Erling Haaland
94%
Espagne Coach Bayern Munich Pep Guardiola
93%
Portugal Milieu AS Monaco 20 Bernardo Silva
92%
Belgique Milieu VFL Wolfsburg 17 Kevin De Bruyne
91%
Pays-Bas Défenseur AFC Bournemouth 6 Nathan Aké
91%
Portugal Défenseur Benfica Lisbonne 3 Ruben Dias
91%
Belgique Attaquant Stade Rennais FC 11 Jeremy Doku
89%
Argentine Attaquant River Plate 19 Julian Alvarez
89%
Angleterre Défenseur Tottenham Hotspur 2 Kyle Walker
89%
Suisse Défenseur Borussia Dortmund 25 Manuel Akanji
89%
Angleterre Milieu Aston Villa 10 Jack Grealish
88%
Espagne Milieu Atletico Madrid 16 Rodri
88%
Croatie Milieu Chelsea FC 8 Mateo Kovacic
85%
Angleterre Milieu Formé à Manchester City 47 Phil Foden
85%
Croatie Défenseur RB Leipzig 24 Josko Gvardiol
83%
Angleterre Défenseur Everton 5 John Stones
81%
Angleterre Milieu Leeds United 4 Kalvin Phillips
72%
Portugal Milieu Wolverhampton Wanderers 27 Matheus Nunes
64%
Allemagne Gardien Arminia Bielefeld 18 Stefan Ortega
64%
Angleterre Défenseur Formé à Manchester City 82 Rico Lewis
58%
Espagne Milieu RSC Anderlecht 21 Sergio Gomez
46%
Angleterre Gardien Derby County 33 Scott Carson
45%
Etats-Unis Gardien Columbus Crew 13 Zack Steffen
45%
Norvège Milieu Formé à Manchester City 52 Oscar Bobb
39%
Aucun quiz correspondant
Distribution des résultats
% des personnes avec chaque résultat
Percentile par nombre de réponses
Votre historique - résultats
Vous n’avez pas pris ce quiz